[Event "North American Open"]
[Site "Las Vegas"]
[Date "2012.12.28"]
[Round "6.2"]
[White "Friedel, Joshua"]
[Black "Hammer, Jon Ludvig"]
[Result "1/2-1/2"]
[WhiteElo "2494"]
[BlackElo "2633"]
[PlyCount "37"]
[EventDate "2012.12.??"]
[EventType "swiss"]
[EventRounds "9"]
[EventCountry "USA"]
[Source "MonRoi"]

1. c4 g6 2. Nc3 c5 3. g3 Bg7 4. Bg2 Nc6 5. Nf3 e6 6. d4 cxd4 7. Nb5 d5 8. cxd5
exd5 9. O-O Nge7 10. Nbxd4 O-O 11. Be3 Re8 12. Qd2 Nf5 13. Nxf5 Bxf5 14. Rac1
Qf6 15. b4 Qb2 16. Qxd5 Rad8 17. Qb3 Nxb4 18. Bxa7 Rxe2 19. Rc7 1/2-1/2

[Event "North American Open"]
[Site "Las Vegas"]
[Date "2012.12.28"]
[Round "6.3"]
[White "Cheng, Bindi"]
[Black "Kacheishvili, Giorgi"]
[Result "1/2-1/2"]
[WhiteElo "2397"]
[BlackElo "2602"]
[PlyCount "40"]
[EventDate "2012.12.??"]
[EventType "swiss"]
[EventRounds "9"]
[EventCountry "USA"]
[Source "MonRoi"]

1. d4 Nf6 2. c4 e6 3. Nf3 d5 4. g3 Bb4+ 5. Bd2 Be7 6. Bg2 c6 7. O-O O-O 8. Qc2
b6 9. Rd1 Bb7 10. Bf4 Nbd7 11. Nc3 dxc4 12. Nd2 Nd5 13. Nxc4 Nxf4 14. gxf4 Qc7
15. e3 Rad8 16. a3 c5 17. d5 exd5 18. Nxd5 Bxd5 19. Rxd5 b5 20. Ne5 Nxe5
1/2-1/2

[Event "North American Open"]
[Site "Las Vegas"]
[Date "2012.12.28"]
[Round "6.5"]
[White "Amanov, Zhanibek"]
[Black "Erenburg, Sergey"]
[Result "0-1"]
[WhiteElo "2359"]
[BlackElo "2637"]
[PlyCount "80"]
[EventDate "2012.12.??"]
[EventType "swiss"]
[EventRounds "9"]
[EventCountry "USA"]
[Source "MonRoi"]

1. e4 c6 2. c4 d5 3. exd5 cxd5 4. cxd5 Nf6 5. Nc3 Nxd5 6. Nf3 e6 7. d4 Bb4 8.
Bd2 Nc6 9. Bd3 O-O 10. O-O Be7 11. Nxd5 exd5 12. Qb3 Bf6 13. Bc3 Rb8 14. Rfe1
Be6 15. Qc2 g6 16. Qd2 Bg7 17. Qf4 Qf6 18. Qg3 Bh6 19. Bb5 Bf4 20. Qh4 Qxh4 21.
Nxh4 Rbc8 22. Rad1 Rfd8 23. h3 Bd6 24. Bd3 Kg7 25. Nf3 a6 26. Re2 h6 27. Nd2
Bd7 28. Nb3 Nb4 29. Nc5 Nxd3 30. Nxd3 Ba4 31. Rdd2 Bb5 32. Re1 Re8 33. Rxe8
Rxe8 34. Rd1 Re2 35. g3 Bc4 36. a3 b6 37. Kg2 a5 38. Ne1 b5 39. Kf3 Re4 40. Nd3
b4 0-1

[Event "North American Open"]
[Site "Las Vegas"]
[Date "2012.12.28"]
[Round "6.6"]
[White "Shankland, Samuel L"]
[Black "Molner, Mackenzie"]
[Result "1-0"]
[WhiteElo "2595"]
[BlackElo "2479"]
[PlyCount "61"]
[EventDate "2012.12.??"]
[EventType "swiss"]
[EventRounds "9"]
[EventCountry "USA"]
[Source "MonRoi"]

1. d4 Nf6 2. c4 e6 3. Nf3 Bb4+ 4. Nbd2 O-O 5. a3 Be7 6. g3 c5 7. dxc5 a5 8. Bg2
Na6 9. b4 b6 10. cxb6 axb4 11. axb4 Bxb4 12. Ne5 Rb8 13. b7 Bxb7 14. Bxb7 Nc5
15. Bf3 Bc3 16. Nxf7 Rxf7 17. Ra2 e5 18. O-O e4 19. Bg2 Qe7 20. e3 Qe6 21. Ba3
d6 22. Bxc5 dxc5 23. Nxe4 Nxe4 24. Qd3 Re8 25. Bxe4 Qxe4 26. Qxc3 h5 27. Qc2
Qf3 28. Qd1 Qf5 29. Rd2 g6 30. Rd8 Rxd8 31. Qxd8+ 1-0

[Event "North American Open"]
[Site "Las Vegas"]
[Date "2012.12.28"]
[Round "6.8"]
[White "Ramirez, Alejandro"]
[Black "Cernousek, Lukas"]
[Result "1-0"]
[WhiteElo "2554"]
[BlackElo "2450"]
[PlyCount "35"]
[EventDate "2012.12.??"]
[EventType "swiss"]
[EventRounds "9"]
[EventCountry "USA"]
[Source "MonRoi"]

1. d4 Nf6 2. c4 g6 3. Nc3 d5 4. Nf3 Bg7 5. Qb3 dxc4 6. Qxc4 O-O 7. e4 Bg4 8.
Be2 Nfd7 9. Be3 Nb6 10. Qc5 f5 11. Rd1 fxe4 12. Nxe4 Rf5 13. Qc2 Rd5 14. Nc3
Rd6 15. Bf4 Rf6 16. Be5 Rc6 17. Qb3+ e6 18. h3 1-0

[Event "North American Open"]
[Site "Las Vegas"]
[Date "2012.12.28"]
[Round "6.10"]
[White "Lenderman, Alex"]
[Black "Troff, Kayden"]
[Result "1-0"]
[WhiteElo "2619"]
[BlackElo "2365"]
[PlyCount "63"]
[EventDate "2012.12.??"]
[EventType "swiss"]
[EventRounds "9"]
[EventCountry "USA"]
[Source "MonRoi"]

1. e4 c5 2. Nc3 d6 3. f4 g6 4. Nf3 Bg7 5. Bc4 Nc6 6. d3 e6 7. O-O Nge7 8. Qe1
O-O 9. Bb3 Na5 10. Be3 b6 11. Bf2 Qc7 12. Bh4 Ba6 13. Ba4 Rab8 14. Rb1 c4 15.
Bb5 Bxb5 16. Nxb5 Qc5+ 17. d4 Qxb5 18. Bxe7 Rfe8 19. Bxd6 Rbd8 20. e5 Qa4 21.
Rf2 Rxd6 22. exd6 Rd8 23. a3 Rxd6 24. c3 Rd5 25. Qe4 Qd7 26. Re1 Nb3 27. Ne5
Qc7 28. g4 b5 29. g5 Na5 30. f5 gxf5 31. Rxf5 Qd8 32. Nxf7 1-0

[Event "North American Open"]
[Site "Las Vegas"]
[Date "2012.12.28"]
[Round "6.11"]
[White "Gelashvili, Tamaz"]
[Black "Harmon-Vellotti, Luke"]
[Result "1/2-1/2"]
[WhiteElo "2566"]
[BlackElo "2338"]
[PlyCount "144"]
[EventDate "2012.12.??"]
[EventType "swiss"]
[EventRounds "9"]
[EventCountry "USA"]
[Source "MonRoi"]

1. d4 Nf6 2. Nf3 e6 3. e3 b6 4. Bd3 Bb7 5. O-O Be7 6. c4 O-O 7. Nc3 d5 8. b3
Nbd7 9. Bb2 c5 10. cxd5 exd5 11. Qe2 Bd6 12. Rfd1 Re8 13. Ba6 Qc8 14. Bxb7 Qxb7
15. dxc5 bxc5 16. Qd3 c4 17. Qf5 Be5 18. Nxe5 Rxe5 19. Qf3 cxb3 20. Ne2 Ree8
21. axb3 Qxb3 22. Bd4 a5 23. Ng3 Qc2 24. Nf5 Qe4 25. Qh3 Qe6 26. g4 Reb8 27.
Rdc1 Rc8 28. Rxc8+ Rxc8 29. Qf3 Ra8 30. h3 h6 31. Qf4 a4 32. Nxh6+ gxh6 33.
Qxh6 a3 34. g5 Qf5 35. gxf6 Qg6+ 36. Qxg6+ fxg6 37. Ra2 Kf7 38. Kg2 Ke6 39. Kf3
Nxf6 40. Bc5 Ne4 41. Rxa3 Rxa3 42. Bxa3 Kf5 43. Kg2 Ng5 44. f3 Ne6 45. Bd6 Ng5
46. Be7 Ne6 47. Kf2 Ke5 48. Ba3 Kf5 49. Ke2 Ke5 50. Kd3 Kf5 51. Be7 Ke5 52. h4
Kf5 53. Bd6 Kf6 54. Ba3 Ke5 55. Bb2+ Kf5 56. Bc3 Nd8 57. e4+ dxe4+ 58. fxe4+
Ke6 59. Ba5 Nc6 60. Bc7 Kd7 61. Bb6 Ne5+ 62. Ke2 Ke6 63. Kf2 Kf7 64. Bc7 Nd3+
65. Ke3 Nc5 66. Bf4 Ne6 67. Bg5 Ng7 68. Kd4 Ne6+ 69. Kd5 Nc7+ 70. Kd6 Ne6 71.
Bh6 Nd4 72. Bc1 Ne6 1/2-1/2

[Event "North American Open"]
[Site "Las Vegas"]
[Date "2012.12.28"]
[Round "6.12"]
[White "Bodek, Michael"]
[Black "Kekelidze, Mikheil"]
[Result "1/2-1/2"]
[WhiteElo "2316"]
[BlackElo "2491"]
[PlyCount "59"]
[EventDate "2012.12.??"]
[EventType "swiss"]
[EventRounds "9"]
[EventCountry "USA"]
[Source "MonRoi"]

1. e4 e6 2. d4 d5 3. Nc3 Bb4 4. e5 Ne7 5. a3 Bxc3+ 6. bxc3 b6 7. Qg4 Ng6 8. h4
h5 9. Qg3 Ba6 10. Bxa6 Nxa6 11. a4 Nb8 12. Ne2 Nc6 13. Nf4 Nce7 14. Nxg6 Nxg6
15. Bg5 f6 16. Bxf6 gxf6 17. Qxg6+ Kd7 18. exf6 Qg8 19. Qxg8 Rhxg8 20. O-O Raf8
21. Rfe1 Rxf6 22. Re5 Rf5 23. Rxf5 exf5 24. Re1 Kd6 25. Re5 Rf8 26. Kf1 a5 27.
Ke2 c6 28. c4 dxc4 29. Kd2 Rg8 30. Rxf5 1/2-1/2

[Event "North American Open"]
[Site "Las Vegas"]
[Date "2012.12.28"]
[Round "6.13"]
[White "Yankovsky, Roman"]
[Black "Wang, Kevin"]
[Result "1-0"]
[WhiteElo "2474"]
[BlackElo "2283"]
[PlyCount "67"]
[EventDate "2012.12.??"]
[EventType "swiss"]
[EventRounds "9"]
[EventCountry "USA"]
[Source "MonRoi"]

1. e4 e5 2. Nf3 Nf6 3. d4 Nxe4 4. dxe5 d5 5. Nbd2 Nxd2 6. Qxd2 Be7 7. Qf4 O-O
8. Qg3 Kh8 9. Bd3 f5 10. exf6 Bxf6 11. O-O Be6 12. Bf4 c5 13. Bd6 c4 14. Bxf8
cxd3 15. Rae1 Bf5 16. Bc5 Nd7 17. Nd4 d2 18. Re2 Be4 19. Ne6 Qg8 20. Qd6 Ne5
21. Bd4 Re8 22. Nf4 Qf7 23. b3 Rd8 24. Qc5 Nd7 25. Qc7 Rf8 26. Rxd2 Bd8 27. Qd6
Qxf4 28. Qxd7 Qg5 29. f4 Qg6 30. f5 Qg5 31. Rdf2 h5 32. Qd6 Rxf5 33. h4 Rxf2
34. Rxf2 1-0

[Event "North American Open"]
[Site "Las Vegas"]
[Date "2012.12.28"]
[Round "6.14"]
[White "Young, Angelo"]
[Black "Krush, Irina"]
[Result "0-1"]
[WhiteElo "2341"]
[BlackElo "2459"]
[PlyCount "128"]
[EventDate "2012.12.??"]
[EventType "swiss"]
[EventRounds "9"]
[EventCountry "USA"]
[Source "MonRoi"]

1. d4 d5 2. Nf3 Nf6 3. Bf4 c5 4. c3 Nc6 5. e3 Qb6 6. Qb3 c4 7. Qc2 Bf5 8. Qc1
Qd8 9. Nbd2 h6 10. Ne5 Nxe5 11. Bxe5 Nd7 12. Bg3 e6 13. e4 Bg6 14. Be2 Be7 15.
O-O O-O 16. exd5 exd5 17. Bf3 Nb6 18. Re1 Bg5 19. Qd1 Qd7 20. h4 Bxd2 21. Qxd2
Rfe8 22. h5 Be4 23. Be2 Bf5 24. f3 f6 25. Bf4 Qf7 26. g4 Bh7 27. Bf1 f5 28. Bg2
fxg4 29. fxg4 Be4 30. Be5 Bxg2 31. Qxg2 Nd7 32. Rf1 Qe6 33. Rf5 Rf8 34. Raf1
Rae8 35. Kh2 b5 36. Kg3 a5 37. R1f4 b4 38. Qf3 Rxf5 39. Rxf5 Rf8 40. Qf4 Rxf5
41. gxf5 Qe8 42. Kg4 b3 43. a3 a4 44. Qg3 Qe7 45. Kh3 Qg5 46. Qf3 Kh7 47. Kh2
Qd2+ 48. Kg3 Qxb2 49. f6 Qb1 50. Qxd5 Qg1+ 51. Kh3 Qf1+ 52. Kg3 Qd3+ 53. Kg2
Qc2+ 54. Kg3 Qxc3+ 55. Kg4 Nxf6+ 56. Bxf6 Qc2 57. Be5 Qe2+ 58. Kg3 Qe3+ 59. Kg2
Qe2+ 60. Kg3 Qxh5 61. Qb7 Qg6+ 62. Kf4 c3 63. d5 b2 64. Bxg7 b1=Q 0-1

[Event "North American Open"]
[Site "Las Vegas"]
[Date "2012.12.28"]
[Round "6.16"]
[White "Matikozian, Andranik"]
[Black "Zenyuk, Iryna"]
[Result "1-0"]
[WhiteElo "2426"]
[BlackElo "2250"]
[PlyCount "59"]
[EventDate "2012.12.??"]
[EventType "swiss"]
[EventRounds "9"]
[EventCountry "USA"]
[Source "MonRoi"]

1. e4 c5 2. Nf3 Nc6 3. Nc3 g6 4. Bc4 Bg7 5. O-O e6 6. d4 cxd4 7. Nb5 d6 8.
Nfxd4 Nxd4 9. Nxd4 a6 10. Bb3 Ne7 11. Bg5 h6 12. Bh4 O-O 13. f4 Qc7 14. c3 Nc6
15. f5 Nxd4 16. f6 Nxb3 17. fxg7 Nxa1 18. gxf8=Q+ Kxf8 19. Bf6 e5 20. Qd2 g5
21. h4 Be6 22. hxg5 hxg5 23. Qxg5 Rc8 24. Rxa1 Qb6+ 25. Kh2 Qxb2 26. Be7+ Ke8
27. Bxd6 Kd7 28. Rd1 Rh8+ 29. Kg1 Kc8 30. Qxe5 1-0

[Event "North American Open"]
[Site "Las Vegas"]
[Date "2012.12.28"]
[Round "6.17"]
[White "Lucky, David"]
[Black "Sharma, Arun"]
[Result "1-0"]
[WhiteElo "2282"]
[BlackElo "2391"]
[PlyCount "81"]
[EventDate "2012.12.??"]
[EventType "swiss"]
[EventRounds "9"]
[EventCountry "USA"]
[Source "MonRoi"]

1. d4 Nf6 2. c4 g6 3. Nc3 d5 4. Bg5 Ne4 5. Bh4 Nxc3 6. bxc3 dxc4 7. e3 Be6 8.
Nf3 Nd7 9. Ng5 Bd5 10. e4 h6 11. exd5 hxg5 12. Bxg5 Nb6 13. Bxc4 Nxc4 14. Qa4+
c6 15. Qxc4 Qxd5 16. Qxd5 cxd5 17. Rb1 b6 18. Kd2 Kd7 19. a4 e6 20. h4 Bg7 21.
Kd3 Kc6 22. g4 f6 23. Be3 Rh7 24. Rh3 g5 25. h5 Bh6 26. Rhh1 a6 27. c4 dxc4+
28. Kxc4 Rb7 29. Rhc1 Bf8 30. d5+ exd5+ 31. Kd3+ Kd7 32. Rxb6 Rxb6 33. Bxb6 Bd6
34. Kd4 f5 35. Kxd5 fxg4 36. Rc6 Bf4 37. Rg6 Rh8 38. h6 Ke7 39. Rg7+ Kf8 40.
Bc5+ Ke8 41. h7 1-0

[Event "North American Open"]
[Site "Las Vegas"]
[Date "2012.12.28"]
[Round "6.18"]
[White "Liou, Yian"]
[Black "Colas, Joshua"]
[Result "1-0"]
[WhiteElo "2352"]
[BlackElo "2204"]
[PlyCount "109"]
[EventDate "2012.12.??"]
[EventType "swiss"]
[EventRounds "9"]
[EventCountry "USA"]
[Source "MonRoi"]

1. e4 c5 2. Nf3 e6 3. d4 cxd4 4. Nxd4 a6 5. Bd3 Nc6 6. Nxc6 dxc6 7. O-O e5 8.
Nd2 Nf6 9. Nc4 Qc7 10. Be3 c5 11. a4 Be6 12. Qf3 Be7 13. a5 O-O 14. Bg5 Rad8
15. Qe2 h6 16. Bxf6 Bxf6 17. Nb6 Bg5 18. Rfd1 Rd6 19. Bc4 Bxc4 20. Nxc4 Rxd1+
21. Rxd1 Rd8 22. Rxd8+ Qxd8 23. g3 Bf6 24. Kg2 Kf8 25. c3 Kg8 26. h4 g6 27. h5
Bg7 28. hxg6 fxg6 29. Nb6 Kh7 30. Qc4 h5 31. Qxc5 h4 32. Qd5 Qg5 33. Qd7 hxg3
34. Qh3+ Bh6 35. Qxg3 Qh5 36. Nd5 Kg7 37. b4 Bd2 38. Qh3 Qg5+ 39. Kf1 Bf4 40.
Qd7+ Kh6 41. Ne7 Bd2 42. Ng8+ Kh5 43. Qh3+ Qh4 44. Nf6+ Kg5 45. Qxh4+ Kxh4 46.
Nd5 Kg4 47. Ke2 Bg5 48. f3+ Kg3 49. Nb6 Kf4 50. c4 Bd8 51. c5 g5 52. Nd5+ Kg3
53. Ne3 Bc7 54. Nf5+ Kf4 55. Ng7 1-0

[Event "North American Open"]
[Site "Las Vegas"]
[Date "2012.12.28"]
[Round "6.19"]
[White "Santarius, Erik"]
[Black "Mitkov, Nikola"]
[Result "1-0"]
[WhiteElo "2303"]
[BlackElo "2513"]
[PlyCount "73"]
[EventDate "2012.12.??"]
[EventType "swiss"]
[EventRounds "9"]
[EventCountry "USA"]
[Source "MonRoi"]

1. e4 e5 2. Nf3 Nc6 3. Bb5 Nf6 4. d3 Bc5 5. O-O d6 6. c3 O-O 7. Re1 a6 8. Ba4
Ba7 9. h3 Ne7 10. Nbd2 Ng6 11. Nf1 Nh5 12. d4 Nhf4 13. Ng3 Qf6 14. Be3 h6 15.
Bc2 Re8 16. Nf5 Be6 17. Kh2 Nf8 18. Qd2 N4g6 19. g4 Qd8 20. Rad1 Bd7 21. dxe5
dxe5 22. Bb3 Bxe3 23. Qxe3 Qf6 24. g5 hxg5 25. Nxg5 Be6 26. Nxe6 Nxe6 27. Rg1
Rad8 28. Rxd8 Rxd8 29. Bxe6 Qxe6 30. h4 Qc4 31. Qg5 Rd3 32. h5 Qc5 33. hxg6
fxg6 34. Ne3 Rd6 35. Qe7 Qc6 36. Qxe5 Rd2 37. Rg2 1-0

[Event "North American Open"]
[Site "Las Vegas"]
[Date "2012.12.28"]
[Round "6.21"]
[White "Sevian, Samuel"]
[Black "Hua, David"]
[Result "1/2-1/2"]
[WhiteElo "2343"]
[BlackElo "2254"]
[PlyCount "123"]
[EventDate "2012.12.??"]
[EventType "swiss"]
[EventRounds "9"]
[EventCountry "USA"]
[Source "MonRoi"]

1. e4 c5 2. Nf3 e6 3. d4 cxd4 4. Nxd4 a6 5. Nc3 Qc7 6. Be2 b5 7. O-O Bb7 8. Re1
Nc6 9. Nxc6 dxc6 10. e5 Rd8 11. Bd3 c5 12. Qe2 Ne7 13. Bf4 Ng6 14. Bg3 c4 15.
Be4 Bb4 16. h4 Ne7 17. Qf3 Bxc3 18. bxc3 Bxe4 19. Rxe4 h5 20. a4 Nf5 21. axb5
axb5 22. Bf4 Nxh4 23. Qe2 Nf5 24. Bg5 Rb8 25. Rd1 Rc8 26. Qf3 Qc6 27. Rd2 Qa8
28. Kh2 Qc6 29. g3 Qa8 30. Qe2 Qc6 31. Rf4 Kf8 32. Qd1 Kg8 33. Rd7 Qc5 34. Qe2
Qc6 35. Qd2 Qb6 36. Kg1 Ra8 37. Qd1 Qc6 38. Kh2 Rc8 39. Ra7 Kh7 40. Rxf7 Kg6
41. Rd7 Rc7 42. Rd6 Nxd6 43. exd6 Rd7 44. Be7 Re8 45. Rg4+ hxg4 46. Qxg4+ Kf7
47. Qh5+ Kg8 48. Qxe8+ Kh7 49. Qh5+ Kg8 50. Qg6 Rxd6 51. Bxd6 Qxd6 52. Qe8+ Kh7
53. Qh5+ Kg8 54. Qxb5 Qd2 55. Qb6 Kf7 56. Qc7+ Kg8 57. Qc8+ Kf7 58. Qc7+ Kg8
59. Qxc4 Qxf2+ 60. Kh1 Qf3+ 61. Kh2 Qf2+ 62. Kh1 1/2-1/2

[Event "North American Open"]
[Site "Las Vegas"]
[Date "2012.12.28"]
[Round "6.22"]
[White "Aripov, Iskandar"]
[Black "Kretchetov, Alexandre"]
[Result "1/2-1/2"]
[WhiteElo "2165"]
[BlackElo "2306"]
[PlyCount "42"]
[EventDate "2012.12.??"]
[EventType "swiss"]
[EventRounds "9"]
[EventCountry "USA"]
[Source "MonRoi"]

1. e4 e5 2. Nf3 Nc6 3. Nc3 Nf6 4. Bb5 Bb4 5. O-O O-O 6. Bxc6 dxc6 7. d3 Bg4 8.
Qe2 Bxc3 9. bxc3 Nd7 10. h3 Bh5 11. g4 Bg6 12. Ba3 Re8 13. Ne1 c5 14. c4 b6 15.
Ng2 Nb8 16. f4 exf4 17. Nxf4 Nc6 18. Bb2 Nd4 19. Qf2 Qd7 20. Nd5 c6 21. Ne3 f6
1/2-1/2

[Event "North American Open"]
[Site "Las Vegas"]
[Date "2012.12.28"]
[Round "6.24"]
[White "Wheeler, Cameron"]
[Black "Adamson, Robby"]
[Result "1/2-1/2"]
[WhiteElo "2165"]
[BlackElo "2308"]
[PlyCount "79"]
[EventDate "2012.12.??"]
[EventType "swiss"]
[EventRounds "9"]
[EventCountry "USA"]
[Source "MonRoi"]

1. c4 e5 2. g3 Nc6 3. Bg2 g6 4. Nc3 Bg7 5. d3 d6 6. Nf3 f5 7. O-O h6 8. Rb1 Nf6
9. b4 O-O 10. b5 Ne7 11. a4 Be6 12. Ba3 Rc8 13. a5 b6 14. axb6 axb6 15. Bb4 g5
16. Nd2 Qd7 17. Ra1 h5 18. Ra7 h4 19. Qc2 hxg3 20. hxg3 Ng4 21. Nf3 Bh6 22. Qd2
Ng6 23. Rfa1 Qe7 24. Rb7 Rb8 25. Rxb8 Rxb8 26. Ra7 Rc8 27. Qa2 Nf6 28. Ra8 Rxa8
29. Qxa8+ Kg7 30. d4 e4 31. Ne5 Qe8 32. Qxe8 Nxe8 33. Nxg6 Kxg6 34. d5 Bd7 35.
g4 Nf6 36. gxf5+ Bxf5 37. e3 g4 38. Ne2 Nh5 39. Bc3 g3 40. Nd4 1/2-1/2

[Event "North American Open"]
[Site "Las Vegas"]
[Date "2012.12.28"]
[Round "6.25"]
[White "Kavutskiy, Konstantin"]
[Black "Markzon, Gregory"]
[Result "1/2-1/2"]
[WhiteElo "2299"]
[BlackElo "2203"]
[PlyCount "93"]
[EventDate "2012.12.??"]
[EventType "swiss"]
[EventRounds "9"]
[EventCountry "USA"]
[Source "MonRoi"]

1. d4 Nf6 2. c4 g6 3. Nc3 Bg7 4. e4 d6 5. Nf3 O-O 6. Be2 e5 7. O-O exd4 8. Nxd4
Re8 9. f3 c6 10. Kh1 Nh5 11. g4 Nf6 12. Be3 h5 13. g5 Nh7 14. Rg1 Nd7 15. Qd2
Qe7 16. Rad1 a5 17. Nc2 Be5 18. Bf1 Nc5 19. b3 h4 20. Ne2 Be6 21. Ncd4 Bd7 22.
Qe1 h3 23. Qh4 d5 24. cxd5 cxd5 25. Bxh3 Bxh3 26. Qxh3 Bg7 27. Qg4 Rad8 28. h4
Nf8 29. h5 dxe4 30. f4 Nd3 31. f5 Bxd4 32. Nxd4 Qc5 33. fxg6 fxg6 34. h6 Rxd4
35. Rxd3 exd3 36. Qxd4 Qxd4 37. Bxd4 Re4 38. Bc3 Rh4+ 39. Kg2 a4 40. Kf3 Ne6
41. Bf6 axb3 42. axb3 Nd4+ 43. Ke3 Nxb3 44. Kxd3 Nc5+ 45. Kc2 Ne4 46. Bg7 Kf7
47. Rb1 1/2-1/2

[Event "North American Open"]
[Site "Las Vegas"]
[Date "2012.12.29"]
[Round "7.1"]
[White "Aldama, Degurnay Dionisio"]
[Black "Li, Chao"]
[Result "0-1"]
[WhiteElo "2434"]
[BlackElo "2670"]
[PlyCount "80"]
[EventDate "2012.12.??"]
[EventType "swiss"]
[EventRounds "9"]
[EventCountry "USA"]
[Source "MonRoi"]

1. e4 c5 2. Nc3 Nc6 3. f4 g6 4. Nf3 Bg7 5. Bc4 e6 6. O-O Nge7 7. d3 O-O 8. Qe1
d5 9. Bb3 Na5 10. Bd2 b6 11. e5 a6 12. Nd1 Nec6 13. Bxa5 Nxa5 14. c3 d4 15.
cxd4 Nxb3 16. axb3 Bb7 17. dxc5 Qxd3 18. cxb6 Qxb3 19. Qe3 Qb4 20. Nc3 Rfd8 21.
Na4 Rac8 22. b3 Bh6 23. g3 Bf8 24. Rfc1 Qb5 25. Rxc8 Rxc8 26. h4 Rc2 27. Rd1
Bd5 28. Rd2 Bxb3 29. Rxc2 Bxc2 30. Nd4 Qb1+ 31. Kh2 Bxa4 32. f5 Bc6 33. Nxc6
Qc2+ 34. Kh3 Qxc6 35. fxg6 hxg6 36. Qb3 Qh1+ 37. Kg4 Qe4+ 38. Kh3 Qf5+ 39. Kg2
Qxe5 40. b7 Bd6 0-1

[Event "North American Open"]
[Site "Las Vegas"]
[Date "2012.12.29"]
[Round "7.2"]
[White "Gareev, Timur"]
[Black "Shabalov, Alexander"]
[Result "1-0"]
[WhiteElo "2660"]
[BlackElo "2578"]
[PlyCount "97"]
[EventDate "2012.12.??"]
[EventType "swiss"]
[EventRounds "9"]
[EventCountry "USA"]
[Source "MonRoi"]

1. d4 Nf6 2. c4 g6 3. Nf3 Bg7 4. g3 O-O 5. Bg2 d5 6. O-O dxc4 7. Na3 c3 8. bxc3
c5 9. Ne5 Nd5 10. Bb2 Nc6 11. Nac4 Be6 12. Nxc6 bxc6 13. Ne5 Bxe5 14. dxe5 Rb8
15. Qc2 Qa5 16. c4 Nb4 17. Qc3 Qa4 18. Qb3 Qa6 19. Rfc1 Rfd8 20. Ba3 Nd3 21.
exd3 Rxb3 22. axb3 Qb6 23. Rc3 Rd7 24. Bc1 Bf5 25. Bf1 Kg7 26. Be3 Qb4 27. Bd2
h6 28. h4 Qb8 29. Ra5 Qxe5 30. b4 Qb8 31. b5 Qd8 32. Rb3 cxb5 33. Raxb5 Bxd3
34. Ba5 Qa8 35. Bxd3 a6 36. Rb6 Qf3 37. Bf1 Qe4 38. Re3 Qf5 39. Rxa6 g5 40.
Bc3+ f6 41. h5 Kf7 42. Be2 g4 43. Rae6 Qxe6 44. Rxe6 Kxe6 45. Bxg4+ f5 46. Be2
Rd6 47. Kg2 Rb6 48. Bf3 Kf7 49. Bd2 1-0

[Event "North American Open"]
[Site "Las Vegas"]
[Date "2012.12.29"]
[Round "7.3"]
[White "Erenburg, Sergey"]
[Black "Ramirez, Alejandro"]
[Result "0-1"]
[WhiteElo "2637"]
[BlackElo "2554"]
[PlyCount "86"]
[EventDate "2012.12.??"]
[EventType "swiss"]
[EventRounds "9"]
[EventCountry "USA"]
[Source "MonRoi"]

1. e4 c5 2. Nf3 e6 3. d4 cxd4 4. Nxd4 a6 5. Bd3 Nf6 6. O-O d6 7. c4 b6 8. Nc3
Bb7 9. Qe2 Nbd7 10. Rd1 Be7 11. f4 g6 12. e5 dxe5 13. fxe5 Bc5 14. Be3 Nh5 15.
Be4 Qc7 16. g4 Ng7 17. Bxb7 Qxb7 18. Bh6 Rg8 19. Ne4 Nf5 20. gxf5 gxf5+ 21. Ng3
Rg4 22. Be3 h5 23. Nf3 Bxe3+ 24. Qxe3 f4 25. Qe2 fxg3 26. hxg3 Rxg3+ 27. Kf2
Rg4 28. Rh1 Nc5 29. Rh4 O-O-O 30. Rd1 Rxd1 31. Qxd1 Qe4 32. Rxg4 hxg4 33. Ne1
Qf4+ 34. Kg2 Qxe5 35. b4 Ne4 36. Nd3 Qg3+ 37. Kf1 Qh3+ 38. Kg1 Qg3+ 39. Kf1
Qh3+ 40. Kg1 g3 41. Qe2 Nf2 42. Qf3 Qh2+ 43. Kf1 g2+ 0-1

[Event "North American Open"]
[Site "Las Vegas"]
[Date "2012.12.29"]
[Round "7.4"]
[White "Hammer, Jon Ludvig"]
[Black "Cheng, Bindi"]
[Result "1-0"]
[WhiteElo "2633"]
[BlackElo "2397"]
[PlyCount "97"]
[EventDate "2012.12.??"]
[EventType "swiss"]
[EventRounds "9"]
[EventCountry "USA"]
[Source "MonRoi"]

1. d4 Nf6 2. c4 c5 3. d5 e6 4. Nc3 exd5 5. cxd5 d6 6. Nf3 g6 7. Bf4 Bg7 8. Qa4+
Bd7 9. Qb3 Qc7 10. e4 O-O 11. Nd2 Nh5 12. Be3 Na6 13. Be2 Rab8 14. O-O b5 15.
Nxb5 Bxb5 16. Bxb5 Qe7 17. Qa4 Nc7 18. Be2 Rb4 19. Qa5 Bxb2 20. Rab1 Bc3 21.
Bxh5 gxh5 22. Rxb4 Bxb4 23. Qxa7 Nxd5 24. Qxe7 Nxe7 25. Nc4 Nc6 26. Rc1 Nd4 27.
Kf1 Nb5 28. a4 Nc3 29. Ra1 Ra8 30. Nxd6 Rxa4 31. Rxa4 Nxa4 32. Ke2 Kf8 33. Bg5
Bc3 34. Kd3 Be5 35. Nc4 Bxh2 36. g3 Bg1 37. Be3 Ke7 38. Kc2 Ke6 39. Kb3 f5 40.
Kxa4 fxe4 41. Kb5 Kf5 42. Kxc5 Kg4 43. Kd4 Bh2 44. Kxe4 Bxg3 45. fxg3 Kxg3 46.
Ne5 h4 47. Nf3 h3 48. Bf4+ Kf2 49. Nh2 1-0

[Event "North American Open"]
[Site "Las Vegas"]
[Date "2012.12.29"]
[Round "7.6"]
[White "Kacheishvili, Giorgi"]
[Black "Friedel, Joshua"]
[Result "1-0"]
[WhiteElo "2602"]
[BlackElo "2494"]
[PlyCount "73"]
[EventDate "2012.12.??"]
[EventType "swiss"]
[EventRounds "9"]
[EventCountry "USA"]
[Source "MonRoi"]

1. d4 Nf6 2. c4 e6 3. Nf3 d5 4. Nc3 Be7 5. Bg5 h6 6. Bh4 O-O 7. Rc1 b6 8. cxd5
exd5 9. e3 Bb7 10. Bd3 Nbd7 11. O-O c5 12. Qc2 Nh5 13. Bxe7 Qxe7 14. Rfd1 Nhf6
15. Bf5 cxd4 16. Nxd4 Nc5 17. Nce2 g6 18. Bxg6 fxg6 19. Qxg6+ Kh8 20. b4 Na6
21. Qxh6+ Qh7 22. Qxh7+ Kxh7 23. a3 Rf7 24. Nf4 Nc7 25. f3 Ba6 26. Rc6 Re8 27.
g4 Re5 28. Kf2 Nfe8 29. h4 Bb7 30. g5 Kg8 31. Rg6+ Rg7 32. Rc1 Ba6 33. Rcc6 Bb7
34. Rxg7+ Kxg7 35. Rh6 Bc8 36. Nc6 Rf5 37. Ne7 1-0

[Event "North American Open"]
[Site "Las Vegas"]
[Date "2012.12.29"]
[Round "7.11"]
[White "Molner, Mackenzie"]
[Black "Troff, Kayden"]
[Result "1-0"]
[WhiteElo "2479"]
[BlackElo "2365"]
[PlyCount "107"]
[EventDate "2012.12.??"]
[EventType "swiss"]
[EventRounds "9"]
[EventCountry "USA"]
[Source "MonRoi"]

1. e4 c5 2. Nf3 g6 3. d4 cxd4 4. Nxd4 Bg7 5. c4 Nc6 6. Be3 Nf6 7. Nc3 d6 8. Be2
O-O 9. O-O Bd7 10. Nc2 Rc8 11. f3 Qa5 12. Qd2 Be6 13. Rab1 Ne5 14. b3 Kh8 15.
f4 Neg4 16. Bd4 Nh6 17. b4 Qd8 18. Ne3 Bd7 19. Bf3 b6 20. Rbd1 Qe8 21. e5 dxe5
22. fxe5 Nfg8 23. g4 Be6 24. Qe2 f6 25. Ned5 Nf7 26. exf6 exf6 27. Nb5 Ne5 28.
Bxe5 fxe5 29. Nd6 Qd7 30. Nxc8 Qxc8 31. h3 Nf6 32. Bg2 Nxd5 33. cxd5 Bd7 34.
Rxf8+ Qxf8 35. d6 Qe8 36. Qe4 Bh6 37. Qa8 Qxa8 38. Bxa8 Kg7 39. b5 Kf6 40. Bc6
Ke6 41. Bxd7+ Kxd7 42. Rd3 e4 43. Ra3 Kxd6 44. Rxa7 Be3+ 45. Kf1 h6 46. Ke2 Bf4
47. Rg7 g5 48. Rg6+ Kc5 49. a4 Kb4 50. Rxh6 Ka5 51. Re6 Bc1 52. Rxe4 Bb2 53.
Kd3 Ba1 54. Kc2 1-0